| 000 | nam a22 a 4500 | ||
|---|---|---|---|
| 999 |
_c616 _d616 |
||
| 005 | 20170504123542.0 | ||
| 008 | 170504b1984 aca||||| |||| 00| 0 eng d | ||
| 020 |
_a0140250468 (pbk) : _c£6.99 |
||
| 040 | _aAKMAL | ||
| 082 | _a155.9042 BOB | ||
| 090 |
_a155.9042 _bBOB |
||
| 100 | 1 | 0 |
_aMontgomery, Bob, _d1943- _91345 |
| 245 | 1 | 0 |
_aYou and stress / _cBob Montgomery and Lynette Evans |
| 260 |
_aLondon : _bPenguin, _c1995 |
||
| 300 |
_a247p. : _b ill. ; _c20cm |
||
| 500 | _aOriginally published: Australia : Thomas Nelson, 1984. | ||
| 650 | 0 |
_aStress management _91069 |
|
| 650 | 0 |
_aStress (Psychology) _9761 |
|
| 650 | 0 |
_aSelf-care, Health _968 |
|
| 700 | 1 |
_aEvans, Lynette _91346 |
|
| 942 |
_2ddc _cBOOK |
||